MARC

LEADER 00000nam0a2200000 4500
001 291027
005 20241205172457.0
035 |a (RuTPU)RU\TPU\book\315589 
090 |a 291027 
100 |a 20150410d1983 k||y0rusy5003 ca 
101 0 |a rus 
102 |a RU 
105 |a a z 001zy 
200 1 |a Проблемы приема и обработки сигналов в радиотехнических системах  |e сборник научных трудов  |f Ленинградский электротехнический институт (ЛЭТИ) ; под ред. С. И. Бычкова 
210 |a Ленинград  |c Изд-во ЛЭТИ  |d 1983 
215 |a 104 с.  |c ил. 
225 1 |a Известия Ленинградского электротехнического института (ЛЭТИ)  |v Вып. 333 
320 |a Библиогр. в конце ст. 
606 1 |a Радиосигналы  |x Обработка  |2 stltpush  |3 (RuTPU)RU\TPU\subj\23092  |9 47746 
610 1 |a прием 
610 1 |a радиотехнические системы 
610 1 |a надежность 
610 1 |a помехоустойчивость 
610 1 |a оптические сигналы 
610 1 |a акустооптика 
610 1 |a эхо-процессоры 
610 1 |a сложные сигналы 
675 |a 621.372  |v 3 
702 1 |a Бычков  |b С. И.  |g Сергей Иванович  |4 340 
712 0 2 |a Ленинградский электротехнический институт (ЛЭТИ)  |3 (RuTPU)RU\TPU\col\289 
801 0 |a RU  |b RuMRKP  |c 19950704  |g psbo 
801 1 |a RU  |b 63413507  |c 20150410 
801 2 |a RU  |b 63413507  |c 20190114  |g RCR 
942 |c BK